| 000 | 00954nam a2200229 a 4500 | ||
|---|---|---|---|
| 001 | 13896 | ||
| 003 | BD-JhCC | ||
| 005 | 20240513084354.0 | ||
| 008 | 180122s2012 bg |||| ||a| 000 0 ben d | ||
| 020 | _a97898452301412 | ||
| 035 | _a(BD-JhCC)13896 | ||
| 040 |
_aBD-JhCC _dBD-JhCC |
||
| 041 | _aben | ||
| 082 |
_a297 _bNAY 2012 |
||
| 100 | _aনায়েক, ডা. জাকির | ||
| 245 |
_aডাঃ জাকির নায়েক লেকচার সমগ্র / _cড. জাকির নায়েক; সম্পা: মাওলানা মুফতী ইসমাইল হোসেন ফরিদপুরী |
||
| 260 |
_aঢাকা: _bরাবেয়া বুক হাউস; _c২০১২ |
||
| 300 |
_a720 পৃ;, _c২২ সেমি |
||
| 650 | _aIslam | ||
| 700 | _aসম্পা: মাওলানা মুফতী ইসমাইল হোসেন ফরিদপুরী | ||
| 942 |
_2ddc _cBK |
||
| 999 |
_c13896 _d13896 |
||